|
|
|
|
| LEADER |
00000nam a22000007a 4500 |
| 005 |
2022082304074.0 |
| 007 |
cr|||| |||| |
| 008 |
220823s2021 pe |||||s|||| 00||0 spa d |
| 020 |
|
|
|a 9786123252090
|
| 035 |
|
|
|a 36936
|
| 040 |
|
|
|a vLex
|
| 090 |
|
|
|c 13790
|d 13790
|
| 100 |
1 |
|
|a Vs̀quez, Jorge Len̤
|
| 245 |
1 |
0 |
|a Derechos a la igualdad y no discriminacin̤
|h [Recurso electrn̤ico] /
|c Jorge Len̤ Vs̀quez
|
| 256 |
|
|
|a Servicio en ln̕ea
|
| 260 |
|
|
|a Lima:
|b Palestra Editores,
|c 2021
|
| 300 |
|
|
|a 1 recurso electrn̤ico
|
| 500 |
|
|
|a Los problemas de la desigualdad y la discriminacin̤ estǹ ms̀ vigentes que nunca. La pandemia mundial ha exteriorizado las grandes desigualdades sociales existentes en nuestro pas̕, sobre todo, en los m̀bitos de la salud, la economa̕ y la educacin̤. El Estado no ha sido capaz de garantizar las mismas condiciones de atencin̤ de salud para todas las personas, pero tampoco ha podido evitar que los servicios de salud privados prioricen sus intereses particulares de lucro en detrimento del bien comn︢ y del interš pb︢lico. Una vez ms̀ se constata cuǹ lejos estamos todava̕ de vivir en una sociedad igual y libre de discriminacin̤, lo cual pone en entredicho los mandatos derivados del art. 2.2 de la Constitucin̤. La ciencia del derecho constitucional puede contribuir al establecimiento de una cultura de igualdad y no discriminacin̤. El props̤ito de este libro es desarrollar dogmt̀icamente los derechos a la igualdad y a la no discriminacin̤, pero considerando tambiň los avances importantes (aunque todava̕ parciales) que ellos han tenido a nivel de la jurisprudencia del Tribunal Constitucional peruano.
|
| 506 |
1 |
|
|a Disponible solo en los productos indicados
|d vLex Global
|d vLex Global (Academic Edition, excluding Law Schools)
|d vLex Global (U.S. Academic Edition, Law Schools)
|d vLex Global (U.S. Academic Edition, excluding Law Schools)
|d vLex Global (Academic Edition, Law Schools)
|
| 650 |
0 |
4 |
|a Derecho Constitucional
|z Per︢
|
| 650 |
0 |
4 |
|a Tribunal Constitucional
|z Per︢
|
| 740 |
0 |
|
|a vLex Libros (Servicio en ln̕ea)
|
| 856 |
4 |
0 |
|u https://app.vlex.com/#/sources/36936
|z Acceso restringido
|
| 942 |
|
|
|c BOOK
|
| 999 |
0 |
|
|a Constitutional Law
|
| 999 |
0 |
|
|a Constitutional Court
|